Chaos und Management

Guardado en:
Detalles Bibliográficos
Autor principal: Turnheim, Georg
Formato: Libro
Lenguaje:alemán
Publicado: Wien Manz 1991
Edición:1. Aufl.
Materias:
Etiquetas: Agregar Etiqueta
Sin Etiquetas, Sea el primero en etiquetar este registro!

MARC

LEADER 00000nam a2200000 4500
001 c001435
005 20221214102108.1
020 |a 3-214-08265-5 
041 0 |a ger 
044 |a AT 
245 1 0 |a Chaos und Management  |c Georg Turnheim 
250 |a 1. Aufl. 
264 1 |a Wien  |b Manz  |c 1991 
300 |a 233,77 s. 
610 2 0 |a manažment 
610 2 0 |a synergia 
610 2 0 |a informácie 
610 2 0 |a komunikácia 
610 2 0 |a organizácia 
100 1 |a Turnheim, Georg